Luật quản lý thuế 2007 Quy định mới nhất sửa đổi, bổ sung, hướng dẫn thực hiện thuế giá trị gia tăng, thuế thu nhập doanh nghiệp và các loại thuế khác ;,Cẩm nang ngành thuế

Tài liệu cung cấp các thông tin về chính sách thuế mới của nhà nước bắt đầu áp dụng từ năm 2007 cũng như cung cấp các thông tin về qui trình quản lý thuế theo luật quản lý thuế

Αποθηκεύτηκε σε:
Λεπτομέρειες βιβλιογραφικής εγγραφής
Μορφή: Βιβλίο
Γλώσσα:Undetermined
Έκδοση: Hà Nội Lao động - Xã hội 2007
Θέματα:
Ετικέτες: Προσθήκη ετικέτας
Δεν υπάρχουν, Καταχωρήστε ετικέτα πρώτοι!
Thư viện lưu trữ: Trung tâm Học liệu Trường Đại học Cần Thơ
LEADER 01140nam a2200229Ia 4500
001 CTU_130562
008 210402s9999 xx 000 0 und d
020 |c 290000 
082 |a 343.59704 
082 |b L504/2007 
245 0 |a Luật quản lý thuế 2007 
245 0 |b Quy định mới nhất sửa đổi, bổ sung, hướng dẫn thực hiện thuế giá trị gia tăng, thuế thu nhập doanh nghiệp và các loại thuế khác ;,Cẩm nang ngành thuế 
245 0 |c Luật gia Anh Tuấn sưu tầm và tuyển chọn 
260 |a Hà Nội 
260 |b Lao động - Xã hội 
260 |c 2007 
520 |a Tài liệu cung cấp các thông tin về chính sách thuế mới của nhà nước bắt đầu áp dụng từ năm 2007 cũng như cung cấp các thông tin về qui trình quản lý thuế theo luật quản lý thuế 
650 |a Taxation 
650 |x Law and legislation 
650 |z Vietnam 
904 |i Huỳnh Mai 
980 |a Trung tâm Học liệu Trường Đại học Cần Thơ